000 00702nam a2200289Ia 4500
005 20260324122137.0
008 008 260324s9999 xx 000 0 eng d
020 _a9780203752937
037 _aEBOOK
040 _aCRL
040 _beng
040 _cCRL
041 _2eng
041 _aeng
084 _qCRL
100 _aThomas Diefenbach
_9907873
245 0 _aHierarchy and Organisation
245 0 _bToward a General Theory of Hierarchical Social Systems
260 _bTaylor and Francis
260 _c2013
365 _a
365 _b255
856 _uhttp://www.taylorfrancis.com/books/9780203752937
942 _cEBOOK
999 _c1757814
_d1757814